Statystyki dla Największe miasta w Japonii

Kliknij tutaj aby rozwiązać quiz!

Ogólne statystyki

  • Ten quiz został rozwiązany 41 razy
  • Średni wynik to 6 z 12

Statystyki odpowiedzi

L.p.Liczba mieszkańcówMiasto% Poprawnych
1.9 555 919Tokio
100%
3.2 725 006Osaka
86%
9.1 468 980Kioto
68%
11.1 199 252Hiroszima
65%
5.1 966 416Sapporo
59%
4.2 320 361Nagoja
43%
2.3 740 172Jokohama
41%
7.1 527 407Kobe
41%
6.1 579 450Fukuoka
27%
8.1 516 483Kawasaki
22%
12.1 088 669Sendai
19%
10.1 295 607Saitama
11%

Rozkład punktacji

Percentyl według liczby udzielonych odpowiedzi

Procent ludzi z każdym wynikiem

Twoja historia wyników

Nie rozwiązałeś tego quizu